| 000 | 00667nam a2200217Ia 4500 | ||
|---|---|---|---|
| 999 |
_c41299 _d41299 |
||
| 001 | 7956 | ||
| 003 | GE_BSU | ||
| 005 | 20221114161612.0 | ||
| 008 | 181216s2010||||en |||||||||||||| ||eng|| | ||
| 020 | _a9781408236963x | ||
| 041 | _aeng | ||
| 080 | _a811.111-8+338.22 R-71 | ||
| 100 |
_aRogers, Jon. _93238 |
||
| 245 |
_aIntermediate : Market Leader : _cJon Rogers. _b Business English:Practice File / |
||
| 250 | _a3rd Edition. | ||
| 264 |
_aEngland : _bLongman : Financial Times, _c2010. |
||
| 300 |
_a96 p .: _c28 cm. |
||
| 653 | _aMarket Leader.Business English:Practice File. | ||
| 653 | _aბიზნეს ინგლისური | ||
| 942 |
_cBK _2udc |
||